<?xml version="1.0" encoding="UTF-8"?><record xmlns="http://www.loc.gov/MARC21/slim" xmlns:zs="http://docs.oasis-open.org/ns/search-ws/sruResponse">
  <leader>02518cam a2200469 a 4500</leader>
  <controlfield tag="001">272947</controlfield>
  <controlfield tag="005">20250607140933.2</controlfield>
  <controlfield tag="007">cr |||||||||||</controlfield>
  <controlfield tag="008">990714s1759    it            000 0 ita  </controlfield>
  <datafield ind1=" " ind2=" " tag="035">
    <subfield code="a">272947</subfield>
  </datafield>
  <datafield ind1=" " ind2=" " tag="906">
    <subfield code="a">7</subfield>
    <subfield code="b">cbc</subfield>
    <subfield code="c">premver</subfield>
    <subfield code="d">1</subfield>
    <subfield code="e">ncip</subfield>
    <subfield code="f">19</subfield>
    <subfield code="g">y-genrareb</subfield>
  </datafield>
  <datafield ind1=" " ind2=" " tag="955">
    <subfield code="a">NEW INPUT vj34 07-14-99</subfield>
    <subfield code="c">he07 2022-08-25 TW routine</subfield>
  </datafield>
  <datafield ind1=" " ind2=" " tag="955">
    <subfield code="a">LCAP batch update 2025-06-02-04:00: LCAPM-848</subfield>
  </datafield>
  <datafield ind1=" " ind2=" " tag="010">
    <subfield code="a">   07009858 </subfield>
  </datafield>
  <datafield ind1=" " ind2=" " tag="040">
    <subfield code="a">DLC</subfield>
    <subfield code="c">DLC</subfield>
    <subfield code="d">DLC</subfield>
    <subfield code="e">dcrb</subfield>
    <subfield code="d">DLC</subfield>
  </datafield>
  <datafield ind1=" " ind2=" " tag="043">
    <subfield code="a">n-us-ca</subfield>
    <subfield code="a">n-usp--</subfield>
    <subfield code="a">n-cn-bc</subfield>
  </datafield>
  <datafield ind1="0" ind2="0" tag="050">
    <subfield code="a">F864</subfield>
    <subfield code="b">.T69</subfield>
  </datafield>
  <datafield ind1="1" ind2=" " tag="100">
    <subfield code="a">Torrubia, José,</subfield>
    <subfield code="d">1698-1761.</subfield>
  </datafield>
  <datafield ind1="1" ind2="2" tag="245">
    <subfield code="a">I moscoviti nella California, o sia, Dimostrazione della verita' del passo all' America Settentrionale nuovamente scoperto dai russi, e di quello anticamente praticato dalli popolatori, che vi trasmigrarono dall' Asia :</subfield>
    <subfield code="b">dissertazione storico-geografica /</subfield>
    <subfield code="c">del padre F. Giusseppe Torrubia ...</subfield>
  </datafield>
  <datafield ind1="3" ind2="0" tag="246">
    <subfield code="a">Moscoviti nella California</subfield>
  </datafield>
  <datafield ind1="3" ind2="0" tag="246">
    <subfield code="a">Dimostrazione della verità del passo all' America Settentrionale nuovamente scoperto dai russi</subfield>
  </datafield>
  <datafield ind1=" " ind2=" " tag="260">
    <subfield code="a">In Roma :</subfield>
    <subfield code="b">Per Generoso Salomoni,</subfield>
    <subfield code="c">1759.</subfield>
  </datafield>
  <datafield ind1=" " ind2=" " tag="300">
    <subfield code="a">83, [1] p. ;</subfield>
    <subfield code="c">15 cm. (12mo)</subfield>
  </datafield>
  <datafield ind1=" " ind2=" " tag="500">
    <subfield code="a">Signatures: A-C¹² D⁶.</subfield>
  </datafield>
  <datafield ind1=" " ind2=" " tag="500">
    <subfield code="a">LC copy in signed binding by Hardy.</subfield>
    <subfield code="5">DLC</subfield>
  </datafield>
  <datafield ind1=" " ind2=" " tag="530">
    <subfield code="a">Also available in digital form on the Library of Congress Web site.</subfield>
  </datafield>
  <datafield ind1=" " ind2=" " tag="561">
    <subfield code="a">LC copy from the library of John George Schwarz, with his ink ownership stamp: J.G. Schwarz, consul of the United States of America at Vienna [1849]; with the black leather book label of Henry Harrisse (a design of crossed H's above Nov. Eborac.), with his ms. annotations, dated 1870-1871, on front flyleaves; and the book label of S.L.M. Barlow: Ex libris Samuel Latham Mitchill Barlow.</subfield>
    <subfield code="5">DLC</subfield>
  </datafield>
  <datafield ind1=" " ind2="0" tag="650">
    <subfield code="a">Russians</subfield>
    <subfield code="z">California</subfield>
    <subfield code="v">Early works to 1800.</subfield>
  </datafield>
  <datafield ind1=" " ind2="0" tag="651">
    <subfield code="a">Northwest Coast of North America</subfield>
    <subfield code="x">Discovery and exploration</subfield>
    <subfield code="x">Russian</subfield>
    <subfield code="v">Early works to 1800.</subfield>
  </datafield>
  <datafield ind1=" " ind2="0" tag="651">
    <subfield code="a">Northwest Passage</subfield>
    <subfield code="v">Early works to 1800.</subfield>
  </datafield>
  <datafield ind1=" " ind2="7" tag="655">
    <subfield code="a">Bookbinding (Binding)</subfield>
    <subfield code="2">rbbin</subfield>
    <subfield code="5">DLC</subfield>
  </datafield>
  <datafield ind1="1" ind2=" " tag="700">
    <subfield code="a">Schwartz, John George,</subfield>
    <subfield code="e">former owner.</subfield>
  </datafield>
  <datafield ind1="1" ind2=" " tag="700">
    <subfield code="a">Harrisse, Henry,</subfield>
    <subfield code="d">1829-1910,</subfield>
    <subfield code="e">former owner.</subfield>
    <subfield code="5">DLC</subfield>
  </datafield>
  <datafield ind1="1" ind2=" " tag="700">
    <subfield code="a">Barlow, Samuel L. M.</subfield>
    <subfield code="q">(Samuel Latham Mitchill),</subfield>
    <subfield code="d">1826-1889,</subfield>
    <subfield code="e">former owner.</subfield>
  </datafield>
  <datafield ind1="1" ind2=" " tag="700">
    <subfield code="a">Hardy</subfield>
    <subfield code="e">binder.</subfield>
    <subfield code="5">DLC</subfield>
  </datafield>
  <datafield ind1=" " ind2=" " tag="752">
    <subfield code="a">Italy</subfield>
    <subfield code="d">Rome.</subfield>
  </datafield>
  <datafield ind1="4" ind2="1" tag="856">
    <subfield code="d">rbc0001</subfield>
    <subfield code="f">2019gen09858</subfield>
    <subfield code="q">h</subfield>
    <subfield code="u">http://hdl.loc.gov/loc.rbc/mtfrb.09858</subfield>
  </datafield>
  <datafield ind1=" " ind2=" " tag="984">
    <subfield code="a">rsl</subfield>
    <subfield code="d">2019-06-05</subfield>
  </datafield>
  <datafield ind1=" " ind2=" " tag="985">
    <subfield code="a">mtfront/mtfrb/tx</subfield>
    <subfield code="e">intldl</subfield>
  </datafield>
  <datafield ind1=" " ind2=" " tag="985">
    <subfield code="a">pmpull</subfield>
    <subfield code="e">intldl</subfield>
  </datafield>
  <datafield ind1=" " ind2=" " tag="985">
    <subfield code="a">rbc/scd</subfield>
  </datafield>
  <datafield ind1=" " ind2=" " tag="991">
    <subfield code="b">c-RareBook</subfield>
    <subfield code="h">F864</subfield>
    <subfield code="i">.T69</subfield>
    <subfield code="t">Copy 1</subfield>
    <subfield code="w">BOOKS</subfield>
  </datafield>
</record>
